000 01023cam a2200313 i 4500
001 12801627
003 EG-ScBUE
005 20250709090919.0
008 020604t2002 ja a f b 001 0 eng d
020 _a3540434739 (Springer : alk. paper)
020 _a9783540434733
040 _aDLC
_beng
_erda
_cDLC
_dDLC
_dEG-ScBUE
082 0 4 _a541.395
_222
_bPHO
245 0 0 _aPhotocatalysis :
_bscience and technology /
_cMasao Kaneko, Ichiro Okura (eds.)
264 1 _aTokyo :
_bSpringer,
_c[2002]
264 4 _cc2002
300 _axvi, 356 pages :
_billustrations ;
_c25 cm.
336 _2rdacontent
_atext
_btxt
337 _aunmediated
_2rdamedia
_bn
338 _avolume
_bnc
_2rdacarrier
490 0 _aBiological and medical physics series
504 _aIncludes bibliographical references and index.
650 7 _aPhotocatalysis.
_2BUEsh
_939689
653 _bENGGEN
_cMarch2016
655 _vReading book
700 1 _aKaneko, Masao,
_d1942-
_eeditor.
700 1 _aOkura, Ichiro,
_d1944-
_eeditor.
942 _2ddc
_cBB
999 _c21519
_d21491